000 00663cab a2200217 4500
001 WB2825-19
008 090401t1992 xxu||||| |||| 00| 0 eng d
035 _a(Sirsi) u43785
041 _aeng
245 _aWheel clamping on private land is extortion and theft
260 _c1992
350 _a0
490 _aTimes
_v25 June 1992, 20(1)
520 _aIn "Black and another v Carmichael" High Court of Justiciary 12 June, it was held that wheel clamping on private land in Scotland is extortion and theft.
650 _aPRIVATE LAND
650 _aSCOTLAND
650 _aWHEEL CLAMPING
690 _aLAND-CASE LAW
942 _n0
948 _c04/03/1997
999 _c27908
_d27908